000 00323nam a22001337a 4500
008 181019b xxu||||| |||| 00| 0 eng d
020 _a9780138554798
041 _aeng
080 _a821
100 _a42
101 _aARK
245 _aStructure In Five Designing Effective Organizations
_cHenry.M
942 _2udc
_cBK
999 _c50209
_d50209